000 00767nam a2200217Ia 4500
003 GCL
008 140319s9999 xx 000 0 ara d
040 _aGCL /
_cGCL
082 0 4 _a576.119246
_bع م
100 1 _aعبدالمحسن صالح
245 1 0 _aمعارك وخطوط دفاعية فى جسمك (هدية من الاديب عبدالفتاح الجمل) /
_cعبدالمحسن صالح
490 _aالمكتبة الثقافية
_v0
650 0 4 _aجسم الانسان
650 0 4 _aالاحياء الدقيقة
650 0 4 _aالمضادات الحيوية
650 0 4 _aالميكروبات - مقاومة
650 0 4 _aالمناعة
650 0 4 _aالمناعة، علم
650 0 4 _aالمناعة ضد الامراض
942 _2ddc
_cBK
999 _c41114
_d41114